00841nam a22001937a 450000500170000001000130001702000220003003500130005203700160006504000120008108200160009311001920010924501520030126000530045327000510050630000240055765000330058165000330061420170124110252.0 aA-897967 c00.00a8185419299 aA-897967 bCen Lib/Ret aDPLbEN a621.56bCON aConference on Hydrocarbon Fluids in Domestic and Commercial Refrigeration Appliances (1996 : New Delhi, India); India.; Deutsche Gesellschaft für Technische Zusammenarbeit; Switzerland. aEco-refrigeration :bproceedings of the Conference on Hydrocarbon Fluids in Domestic and Commercial Refrigeration Appliances, 13-14 February 1996 / aNew Delhi bTata Energy Research Institutec1997 bNew Delhi aHabitat place, Lodhi road e110003 avi, 226p.c22cm(Hb) aRefrigerants -- Congresses.  aHydrocarbons -- Congresses.